[Event "Mecklenburg VP LL2 Ost 1819"]
[Site "Mecklenburg VP"]
[Date "2018.11.11"]
[Round "2.8"]
[White "Wolfgramm, Theo"]
[Black "Djanaschwili, Nodar"]
[Result "1-0"]
[WhiteElo "1648"]
[BlackElo "1257"]
[PlyCount "71"]
[EventDate "2018.10.21"]
[EventType "team-tourn"]
[EventRounds "9"]
[EventCountry "GER"]
[SourceTitle "EXT 2022"]
[Source "ChessBase"]
[SourceDate "2021.10.06"]
[SourceVersion "1"]
[SourceVersionDate "2021.10.06"]
[SourceQuality "1"]
[WhiteTeam "Torgelow Droegeheide II"]
[BlackTeam "Rostock Makkabi"]
[WhiteTeamCountry "GER"]
[BlackTeamCountry "GER"]

1. e4 c5 2. Nf3 Nf6 3. c3 d6 4. d4 cxd4 5. cxd4 Nc6 6. Nc3 g6 7. Be3 Bg7 8. h3 0-0 9. Qd2 a6 10. a3 e5 11. Rd1 exd4 12. Nxd4 d5 13. Nxc6 bxc6 14. exd5 cxd5 15. Bg5 Qb6 16. Bxf6 Qxf6 17. Qxd5 Rb8 18. Rd2 Bh6 19. Re2 Rxb2 20. Rxb2 Qxc3+ 21. Rd2 Bxd2+ 22. Qxd2 Qxa3 23. Be2 Re8 24. 0-0 Bxh3 25. gxh3 Qxh3 26. Rb1 Re4 27. Rb8+ Kg7 28. Qb2+ Kh6 29. Qc1+ Kg7 30. Qd2 Re5 31. Qd4 f6 32. Rb7+ Kh6 33. f3 Rxe2 34. Qf4+ g5 35. Qxf6+ Kh5 36. Rxh7# 1-0

[Event "Mecklenburg VP-ch U18"]
[Site "Malchow"]
[Date "2018.02.07"]
[Round "3.7"]
[White "Djanaschwili, Nodar"]
[Black "Engel, Philipp"]
[Result "0-1"]
[WhiteElo "1300"]
[BlackElo "1506"]
[PlyCount "86"]
[EventDate "2018.02.07"]
[EventType "tourn"]
[EventRounds "7"]
[EventCountry "GER"]
[SourceTitle "EXT 2022"]
[Source "ChessBase"]
[SourceDate "2021.10.06"]
[SourceVersion "1"]
[SourceVersionDate "2021.10.06"]
[SourceQuality "1"]

1. d4 d5 2. c4 Nf6 3. Nc3 e6 4. Bg5 Nbd7 5. e3 c6 6. c5 Be7 7. Nf3 0-0 8. Bd3 Re8 9. 0-0 h6 10. Bh4 Ng4 11. Bg3 Bf8 12. h3 Ngf6 13. Ne5 Nxe5 14. Bxe5 Nd7 15. Bg3 e5 16. Re1 g6 17. b4 a6 18. h4 h5 19. a3 Bg7 20. dxe5 Nxe5 21. Rb1 Nxd3 22. Qxd3 Bf5 23. e4 dxe4 24. Qe3 Qd3 25. Rbc1 Rad8 26. Red1 Qxe3 27. fxe3 Rxd1+ 28. Nxd1 Rd8 29. Bd6 Be6 30. Rc2 f5 31. Kf2 Kf7 32. Kg3 Bh6 33. Re2 Bc4 34. Re1 Bg7 35. Kf4 Bf6 36. Kg3 Ke6 37. Rh1 Be2 38. Nf2 Bb2 39. a4 Bc3 40. Rb1 Rd7 41. Kf4 Bf6 42. Rc1 Bxh4 43. Nd1 g5# 0-1

[Event "Mecklenburg VP-ch U18"]
[Site "Malchow"]
[Date "2018.02.07"]
[Round "7.10"]
[White "Djanaschwili, Nodar"]
[Black "Wernike, Thomas"]
[Result "1-0"]
[WhiteElo "1300"]
[BlackElo "1042"]
[PlyCount "59"]
[EventDate "2018.02.07"]
[EventType "tourn"]
[EventRounds "7"]
[EventCountry "GER"]
[SourceTitle "EXT 2022"]
[Source "ChessBase"]
[SourceDate "2021.10.06"]
[SourceVersion "1"]
[SourceVersionDate "2021.10.06"]
[SourceQuality "1"]

1. d4 Nf6 2. c4 b5 3. c5 g6 4. b4 d5 5. Bg5 Bg7 6. e3 Nc6 7. Bxb5 Bd7 8. Nc3 Nxb4 9. Bxd7+ Qxd7 10. Rb1 a5 11. a3 Nc6 12. Qf3 Qf5 13. Qg3 Qc2 14. Nge2 Ne4 15. Qxc7 f6 16. Qxc6+ Kf7 17. Qxd5+ e6 18. Qd7+ Kf8 19. Rc1 Qd2+ 20. Kf1 Nxc3 21. Qd6+ Kf7 22. Re1 Nxe2 23. Rxe2 Qd1+ 24. Re1 Qd3+ 25. Kg1 fxg5 26. h3 Qc3 27. Kh2 Qxa3 28. Rb1 Rad8 29. Rb7+ Kg8 30. Qe7 1-0

[Event "Mecklenburg VP-ch U18"]
[Site "Malchow"]
[Date "2018.02.07"]
[Round "4.8"]
[White "Wolfgramm, Theo"]
[Black "Djanaschwili, Nodar"]
[Result "1-0"]
[WhiteElo "1426"]
[BlackElo "1300"]
[PlyCount "89"]
[EventDate "2018.02.07"]
[EventType "tourn"]
[EventRounds "7"]
[EventCountry "GER"]
[SourceTitle "EXT 2022"]
[Source "ChessBase"]
[SourceDate "2021.10.06"]
[SourceVersion "1"]
[SourceVersionDate "2021.10.06"]
[SourceQuality "1"]

1. e4 c5 2. c3 Nc6 3. Nf3 d6 4. d4 cxd4 5. cxd4 g6 6. Nc3 Bg7 7. Be2 Nf6 8. Be3 0-0 9. Qd2 a6 10. Bh6 b5 11. Bxg7 Kxg7 12. a3 Bb7 13. Bd3 e5 14. d5 Nd4 15. Nxd4 exd4 16. Ne2 Qb6 17. Bc2 Rfe8 18. f3 Rac8 19. Nxd4 Bxd5 20. Qf2 Qa5+ 21. b4 Qc7 22. 0-0 Bc4 23. Rfc1 d5 24. Qh4 Qb6 25. Rd1 dxe4 26. fxe4 Be2 27. Qf2 Qb7 28. Qxe2 Nxe4 29. Bxe4 Rxe4 30. Qb2 Kg8 31. Rd2 Rh4 32. Rad1 Qc7 33. Nf3 Rc4 34. Rd7 Qb6+ 35. Kh1 Rc2 36. Qb3 R2c4 37. Ne5 Rf4 38. Rxf7 Rxf7 39. Qxf7+ Kh8 40. Rf1 Rg8 41. Qf6+ Rg7 42. Qxb6 Re7 43. Qd8+ Kg7 44. Qxe7+ Kh8 45. Rf8# 1-0

[Event "Mecklenburg VP U16"]
[Site "Malchow"]
[Date "2016.02.02"]
[Round "6.10"]
[White "Djanaschwili, Nodar"]
[Black "Bohndorf, Tobias"]
[Result "1/2-1/2"]
[WhiteElo "1126"]
[BlackElo "994"]
[PlyCount "101"]
[EventDate "2016.02.02"]
[EventType "swiss"]
[EventRounds "7"]
[EventCountry "GER"]
[SourceTitle "EXT 2024"]
[Source "ChessBase"]
[SourceDate "2023.10.10"]
[SourceVersion "1"]
[SourceVersionDate "2023.10.10"]
[SourceQuality "1"]

1. d4 d5 2. c4 Nf6 3. Bg5 Bf5 4. Nc3 Nbd7 5. e3 e6 6. h3 Bb4 7. Qb3 Bxc3+ 8. bxc3 b6 9. cxd5 exd5 10. Bxf6 Nxf6 11. Bb5+ Bd7 12. Bxd7+ Qxd7 13. Nf3 Ne4 14. Ne5 Qd6 15. Qb5+ Ke7 16. Rc1 Rhd8 17. Nc6+ Kf8 18. Nxd8 Rxd8 19. 0-0 c6 20. Qa6 Rd7 21. c4 dxc4 22. Rxc4 Nd2 23. Qc8+ Rd8 24. Qxc6 Nxf1 25. Qxd6+ Rxd6 26. Rc8+ Ke7 27. Kxf1 Rd8 28. Rxd8 Kxd8 29. Ke2 Kd7 30. Kd3 Kd6 31. Kc4 Kc6 32. d5+ Kd6 33. Kd4 g6 34. e4 f6 35. Kc4 a6 36. Kd4 h6 37. g4 g5 38. f3 Kd7 39. Ke3 Kd6 40. f4 Kc5 41. fxg5 hxg5 42. Kf3 a5 43. Kg3 b5 44. h4 gxh4+ 45. Kxh4 Kd6 46. g5 fxg5+ 47. Kxg5 Ke5 48. Kg6 b4 49. Kf7 a4 50. Ke7 b3 51. d6 1/2-1/2